Normal view
MARC view
- Emergency management.
Entry Topical Term
001 - CONTROL NUMBER
- control field: 22975
003 - CONTROL NUMBER IDENTIFIER
- control field: NUST
005 - DATE AND TIME OF LATEST TRANSACTION
- control field: 20191007184800.0
008 - FIXED-LENGTH DATA ELEMENTS
- fixed length control field: 191007|| aca||aabn | a|a d
040 ## - CATALOGING SOURCE
- Original cataloging agency: NUST
- Transcribing agency: NUST
150 ## - HEADING--TOPICAL TERM
- Topical term or geographic name entry element: Emergency management.
670 ## - SOURCE DATA FOUND
- Source citation: Work cat.: (NUST)0: Schneid, Thomas D. 22974, Disaster management and preparedness /, c2001.
